000 00419nam a2200133Ia 4500
008 211109s9999||||xx |||||||||||||| ||und||
082 _a891.43
_bSHA-S
100 _aSharma, Vinya Mohan
245 0 _aSotha Pravidhi
260 _bNational
_aNew Delhi
_c2006
630 _xgeneral stack
650 _aLiterature & rhetoric
_vLiteratures of other languages
_x East Indo-European & Celtic literaturesGeneralia
942 _cBOOK
999 _c53707
_d53707